000
00360nam a2200157Ia 4500
008
151213s9999 xx 000 0 und d
100
_a
Kottler
245
_a
Marketing Management
_c
Kottler
250
_a
12th
260
_a
India
_b
Prentic Hall
_c
2005
300
_a
4173 p.
650
_a
Marketing
650
_a
Marketing
700
_a
Kottler
999
_c
2598
_d
2598